000 00610nam a2200181Ia 4500
008 100921s9999 xx 000 0 und d
082 _b38255
_a891.463 0
100 _aवाणी विमल.
245 _aशापित वंश.
260 _bअमोल प्रकाशन,पुणे.
_c0
300 _a160
_bमयुरेष बुक एजन्सी,कराड
365 _b125
520 _aललित-कादंबरी.
630 _aशापित वंश.
650 _aललित-कादंबरी.
730 _aशापित वंश.
942 _cBOOK
999 _c787368
_d787365